000 00928nam a22002057a 4500
001 EIF-IV-1999-M2-009
003 OSt
005 20221107172305.0
008 221107b |||||||| |||| 00| 0 eng d
040 _aFundación Jesús Pereda
_cFundación Jesús Pereda
041 _aCastellano
100 _uUniversidad Europea de Madrid, Facultad de Ciencias de la Información
_aEiroa San Francisco, Matilde
_9310
111 _aEncuentro de Investigadores del Franquismo
_c(Valencia.
_d1999.
_n4º)
_996
245 _aEl reconocimiento de Jure:
_bla integración del franquismo en el nuevo orden europeo
_c/Matilde Eiroa San Francisco
650 0 _9168
_aRelaciones internacionales
650 0 _9153
_aIdeología política
773 _tActas del IV Encuentro de Investigadores del Franquismo
_g187-192 p.
856 _uhttps://bibliotecaccoocyl.fundacionjesuspereda.es/cgi-bin/koha/opac-retrieve-file.pl?id=cf382575a88bc7ab43ce13957f463c5b
942 _2ddc
_cCF
_n0
999 _c141
_d141